Añade una letra para crear una provincia - Estadísticas

Estadísticas generales
  • Esta prueba ha sido intentada 2.307 veces
  • La puntuación promedio es 12 de 16
Estadísticas de respuestas
Palabra Letra Provincia % Correcto
Bajado Z Badajoz
97%
Gol U Lugo
91%
Carece S Cáceres
89%
Curia M Murcia
87%
Rustías A Asturias
83%
Lava I Ávila
83%
Haces U Huesca
77%
Iras O Soria
77%
Olote D Toledo
76%
Analice P Palencia
75%
Marzo A Zamora
74%
Máncalas A Salamanca
64%
Enclava I Valencia
64%
Avilés L Sevilla
62%
Penetrado V Pontevedra
58%
Tabaleé C Albacete
45%
No se encontraron pruebas coincidentes
Distribución de puntuación
Porcentaje de gente con cada puntuación
Porcentaje por número respondido
Historial de tus puntuaciones
No has intentado esta prueba.